| 000 | 00472nam a2200181 a 4500 | ||
|---|---|---|---|
| 001 | 2994 | ||
| 003 | CDMR | ||
| 005 | 20130116135238.0 | ||
| 008 | 130130s1947||||||||||||||||||||||||||||d | ||
| 040 |
_aCDMR _bcat _cCDMR |
||
| 100 | 1 |
_aRusiñol, Santiago _92199 |
|
| 245 | 1 | 0 |
_aObres completes _cSantiago Rusiñol |
| 260 |
_aBarcelona _c1947 _bSelecta |
||
| 300 |
_a2276 p ; _c21 cm |
||
| 490 | 0 |
_aBiblioteca Perenne _92200 |
|
| 700 | 1 |
_aSoldevila, Carles _epr. _92201 |
|
| 942 | _cMON | ||
| 999 |
_c2994 _d2994 |
||